Translate These Countries from Polish to English #2 - Statistics

General Stats
  • This quiz has been taken 663 times
  • The average score is 13 of 18
Answer Stats
Polish English % Correct
Francja France
100%
Korea Poludniowa South Korea
95%
Turcja Turkey
93%
Rosja Russia
92%
Meksyk Mexico
86%
Lotwa Latvia
83%
Watykan Vatican City
81%
Timor Wschodni East Timor
79%
Dzibuti Djibouti
78%
Szwajcaria Switzerland
77%
Wlochy Italy
74%
Zjednoczone Królestwo United Kingdom
63%
Gwinea Równikowa Equatorial Guinea
61%
Gruzja Georgia
57%
Wyspy Salomona Solomon Islands
57%
Suazi Eswatini
50%
Seszele Seychelles
50%
Wyspy Swietego Tomasza i Ksiazeca São Tomé and Príncipe
42%
No matching quizzes found
Score Distribution
Percent of People with Each Score
Percentile by Number Answered
Your Score History
You have not taken this quiz